| 000 | 00448nam a2200145 a 4500 | ||
|---|---|---|---|
| 001 | 000031770 | ||
| 005 | 20200930063151.0 | ||
| 008 | 110701s1988 dr 000 0 spa d | ||
| 040 |
_aDO-SdBNP _bspa _cBNPHU |
||
| 100 | 1 |
_aCastillo R., Marino Vinicio _958004 |
|
| 245 | 1 | 0 |
_aNecesidad de un proyecto nacional / _cMarino Vinicio Castillo R. |
| 260 |
_aSanto Domingo : _bFurza Nacional Progresista, _c1988. |
||
| 300 |
_a23 p. ; _c21 cm. |
||
| 049 | _aBNPD | ||
| 999 |
_c31262 _d31262 |
||